000 01199nam a2200265Ia 4500
003 OSt
005 20220930094751.0
006 a|||||r|||| 00| 0
007 ta
008 220926b |||||||| |||| 00| 0 hin d
024 _a10805
037 _cTheses
040 _aCRL
_cCRL
_bhin
041 _2hin
_ahin
100 _aलाहौरा, पंकज, ले.
110 _aदिल्ली विश्वविद्यालय. संगीत एवं ललित कला संकाय. संगीत विभाग
_9556237
245 0 _aहज़रत अमीर खुसरो का उपशास्त्रीय संगीत को योगदान
_b एक अध्ययन
246 _aHaज़rat amīr khusaro kā upashāstrīya sangīt ko yogadāna: ek adhyayana
260 _c2013
300 _a332पृ0
_ap.
_ccm.
650 _aभारतीय संगीत
700 _aदिल्ली विश्वविद्यालय. संगीत एवं ललित कला संकाय. संगीत विभाग
_9556238
942 _cDIS
_2CC
999 _c887647
_d887647